000
00295nam a22001337a 4500
008
180316b xxu||||| |||| 00| 0 eng d
020
_a
9780534356767
041
_a
eng
080
_2
8th
_a
311
100
_a
55
101
_a
STA
245
_a
Elementary statistics
_c
Johnson,R
942
_2
udc
_c
BK
999
_c
45256
_d
45256